000 00838nam a2200253Ia 4500
003 OSt
005 20221005113106.0
006 a|||||r|||| 00| 0
007 ta
008 221004b |||||||| |||| 00| 0 pan d
020 _a81876540495 (hbk)
_c340
024 _a11824
037 _b818, 13/03/2014, H.K. Prakashan
_cTextual
040 _aCRL
_cCRL
_bpan
041 _2pan
_apan
082 _aO153,3N32x, Q3
100 _aਸਿੰਘ, ਅਮਰਜੀਤ
245 0 _aਰਿFਦੇ ਗ਼॥ਮ
260 _aਦਿੱਲੀ
_bਮਨਪ੍ਰੀਤ ਪ੍ਰਕਾFਨ ਭਾਰਤ
_c2013
300 _a168ਪੰ
_ccm.
650 _aਪੰਜਾਬੀ ਸਾਹਿਤ
942 _hO153,3N32x, Q3
_cTEXL
_2cc
999 _c1027021
_d1027021